The work of nations : (Record no. 522661)

000 -LEADER
fixed length control field 01279cam a2200337 a 4500
001 - CONTROL NUMBER
control field 4381017
003 - CONTROL NUMBER IDENTIFIER
control field NUST
005 - DATE AND TIME OF LATEST TRANSACTION
control field 20181222065242.0
008 - FIXED-LENGTH DATA ELEMENTS--GENERAL INFORMATION
fixed length control field 910222s1992 nyu b 001 0 eng
010 ## - LIBRARY OF CONGRESS CONTROL NUMBER
LC control number 91050223
020 ## - INTERNATIONAL STANDARD BOOK NUMBER
International Standard Book Number 0679736158 (pbk.) :
Terms of availability $12.00
038 ## - RECORD CONTENT LICENSOR
Staff Name waseem
040 ## - CATALOGING SOURCE
Original cataloging agency DLC
Transcribing agency DLC
Modifying agency DLC
043 ## - GEOGRAPHIC AREA CODE
Geographic area code n-us---
050 00 - LIBRARY OF CONGRESS CALL NUMBER
Classification number HC106.8
Item number .R456 1992
082 00 - DEWEY DECIMAL CLASSIFICATION NUMBER
Classification number 330.905
Author Mark REI
100 1# - MAIN ENTRY--PERSONAL NAME
Personal name Reich, Robert B.
9 (RLIN) 12766
245 14 - TITLE STATEMENT
Title The work of nations :
Remainder of title preparing ourselves for 21st century capitalism /
Statement of responsibility, etc. Robert B. Reich.
250 ## - EDITION STATEMENT
Edition statement 1st Vintage Books ed.
260 ## - PUBLICATION, DISTRIBUTION, ETC.
Place of publication, distribution, etc. New York :
Name of publisher, distributor, etc. Vintage Books,
Date of publication, distribution, etc. 1992.
300 ## - PHYSICAL DESCRIPTION
Extent xii, 339 p. ;
Dimensions 20 cm.
504 ## - BIBLIOGRAPHY, ETC. NOTE
Bibliography, etc. note Includes bibliographical references and index.
650 #0 - SUBJECT ADDED ENTRY--TOPICAL TERM
Topical term or geographic name entry element Economic forecasting
Geographic subdivision United States.
9 (RLIN) 11450
650 #0 - SUBJECT ADDED ENTRY--TOPICAL TERM
Topical term or geographic name entry element Capitalism
Geographic subdivision United States.
9 (RLIN) 12767
650 #0 - SUBJECT ADDED ENTRY--TOPICAL TERM
Topical term or geographic name entry element International economic relations.
9 (RLIN) 539
651 #0 - SUBJECT ADDED ENTRY--GEOGRAPHIC NAME
Geographic name United States
General subdivision Economic conditions
Chronological subdivision 1981-2001.
9 (RLIN) 12768
856 42 - ELECTRONIC LOCATION AND ACCESS
Materials specified Publisher description
Uniform Resource Identifier <a href="http://www.loc.gov/catdir/description/random048/91050223.html">http://www.loc.gov/catdir/description/random048/91050223.html</a>
906 ## - LOCAL DATA ELEMENT F, LDF (RLIN)
a 7
b cbc
c orignew
d 1
e ocip
f 19
g y-gencatlg
942 ## - ADDED ENTRY ELEMENTS (KOHA)
Source of classification or shelving scheme
Koha item type Book
Holdings
Withdrawn status Lost status Source of classification or shelving scheme Damaged status Not for loan Collection code Permanent Location Current Location Shelving location Date acquired Source of acquisition Total Checkouts Full call number Barcode Date last seen Price effective from Koha item type
            Central Library (CL) Central Library (CL) Book Cart 12/22/2018 Donation   330.905 REI CL-D-202 12/22/2018 12/22/2018 Book
© 2023 Central Library, National University of Sciences and Technology. All Rights Reserved.